Normal view
MARC view
Entry Topical Term
001 - CONTROL NUMBER
- control field: 14941
003 - CONTROL NUMBER IDENTIFIER
- control field: BD-RjUL
005 - DATE AND TIME OF LATEST TRANSACTION
- control field: 20250211114043.0
008 - FIXED-LENGTH DATA ELEMENTS
- fixed length control field: 250211|| aca||aabn | a|a d
040 ## - CATALOGING SOURCE
- Original cataloging agency: BD-RjUL
- Transcribing agency: BD-RjUL
150 ## - HEADING--TOPICAL TERM
- Topical term or geographic name entry element: Encyclopaedica
- Form subdivision: Britannica
- Geographic subdivision: London/New Delhi
670 ## - SOURCE DATA FOUND
- Source citation: Work cat.: (BD-RjUL)84660: The new Encyclopaedia Britannica /, 2002